| 000 -ლიდერი |
| ფიქსირებული სიგრძის საკონტროლო ველი |
01183nam a22001817a 4500 |
| 003 - საკონტროლო ნომრის იდენტიფიკატორი |
| საკონტროლო ველი |
Ge_BSU |
| 005 - ბოლო ოპერაციის თარიღი და დრო |
| საკონტროლო ველი |
20251028145920.0 |
| 008 - ფიქსირებული სიგრძის მონაცემთა ელემენტები - ზოგადი ინფორმაცია |
| ფიქსირებული სიგრძის საკონტროლო ველი |
251028s1963 ge ||||| |||| 00| 0 geo d |
| 041 ## - ენის კოდი |
| Language code of text/sound track or separate title |
geo |
| 080 ## - უნივერსალური ათობითი კლასიფიკაციის ინდექსი |
| Universal Decimal Classification number |
336.14(47+57)(075.8) ბ-45 |
| 100 ## - მთავარი ჩანაწერი - პიროვნების სახელი |
| Personal name |
პლოტნიკოვი, კ. |
| 9 (RLIN) |
26118 |
| 245 ## - ცნობა სათაურის შესახებ |
| Title |
სსრ კავშირის სახელმწიფო ბიუჯეტი : |
| Remainder of title |
[სახელმძღვანელო საფინ.-ეკონ. ინ-ტებისა და ფაკ-ტებისათვის] / |
| Statement of responsibility, etc |
კ. პლოტნიკოვი; პ/მ. რედ. და წინასიტყვაობის ავტორები: ვ. ლებანიძე და ვ. ტრაპაიძე. |
| 264 ## - წარმოების, გამოცემის, დისტრიბუციის და სხვა ცნობები |
| გამოცემის, წარმოების, დისტრიბუციის... ადგილი |
თბილისი : |
| გამოცემის, წარმოების, დისტრიბუციის... სახელწოდება |
ცოდნა, |
| გამოცემის, წარმოების, დისტრიბუციის... თარიღი |
1963. |
| 300 ## - ფიზიკური აღწერა |
| Extent |
530 გვ. ; |
| Other physical details |
20 სმ. |
| 700 ## - ADDED ENTRY--PERSONAL NAME |
| Personal name |
ლებანიძე, ვ. |
| Relator term |
რედაქტორი, წინასიტყვაობის ავტორი. |
| 9 (RLIN) |
26119 |
| 700 ## - ADDED ENTRY--PERSONAL NAME |
| Personal name |
ტრაპაიძე, ვ. |
| Relator term |
რედაქტორი, წინასიტყვაობის ავტორი |
| 9 (RLIN) |
26120 |
| 942 ## - ADDED ENTRY ELEMENTS (KOHA) |
| Source of classification or shelving scheme |
|
| Koha item type |
წიგნი |